000 01137nam a22003617a 4500
001 12416494
003 OSt
005 20210426115151.0
008 010522s2002 maua b 001 0 eng
010 _a 2001091411
020 _a0072339160 (alk. paper)
020 _a0071123059 (international ed.)
040 _aDLC
_cDLC
_dDLC
042 _apcc
050 0 0 _aHG4521
_b.B564 2002
080 _a33
_bB-96
082 0 0 _a332.6
_221
100 1 _aBodie, Zvi.
245 1 0 _aInvestments /
_cZvi Bodie, Alex Kane, Alan J. Marcus.
250 _a5th ed.
260 _aBoston :
_bMcGraw-Hill/Irwin,
_cc2002.
300 _axxviii, 1015 p. :
_bill. ;
_c26 cm.
440 4 _aThe McGraw-Hill/Irwin series in finance, insurance, and real estate
504 _aIncludes bibliographical references and indexes.
650 0 _aInvestments.
650 0 _aPortfolio management.
653 _aეკონომიკა
700 1 _aKane, Alex,
_d1942-
700 1 _aMarcus, Alan J.
906 _a7
_bcbc
_corignew
_d2
_eepcn
_f20
_gy-gencatlg
942 _2udc
_cBK
999 _c1189
_d1189